| 000 | 02001nam a22002537a 4500 | ||
|---|---|---|---|
| 003 | BJBSDDR | ||
| 005 | 20260226182651.0 | ||
| 006 | a|||||r|||| 00| 0 | ||
| 007 | ta | ||
| 008 | 260226s2012 cr |||||r|||| 00| 0 spa d | ||
| 020 | _a9789968260442 | ||
| 040 |
_bspa _cBJBSDDR |
||
| 041 | _aspa | ||
| 050 | _bM538p 2012 | ||
| 100 | 1 |
_aMéndez Soto, Marco Vinicio _947239 |
|
| 245 | 1 | 0 |
_a¿Poder inteligente? : _bla doctrina Obama y Guantánamo / _cMarco Vinicio Méndez Coto. |
| 250 | _aPrimera edición | ||
| 260 |
_aCosta Rica : _bUniversidad Nacional de Costa Rica, _c 2012. |
||
| 300 |
_a151 páginas : _bilustraciones ; _c22 cm |
||
| 505 | _aContenidos : Lista de abreviaturas – pág. 9 Prólogo (por Eduardo E. Saxe Fernández) – pág. 11 Capítulo I. Origen, evolución y aplicación del concepto poder inteligente en la política exterior – pág. 25 Esquema de análisis El uso académico del poder inteligente El uso político del poder inteligente • Análisis del discurso del presidente Barack Obama El uso crítico —epistemológico y político— del poder inteligente • Crítica epistemológica • Crítica política (latinoamericanista) Capítulo II. Poder duro y poder suave como elementos constitutivos del poder inteligente – pág. 77 a) El poder duro como componente b) El poder suave como componente Capítulo III. Alcances y limitaciones del concepto poder inteligente en la política exterior – pág. 113 a) Alcances explicativos y aportes b) Limitaciones teóricas y prácticas | ||
| 520 | _aEl ensayo analiza las doctrinas de seguridad nacional y política exterior de la administración del presidente Barack Obama, reflexionando sobre la dificultad de alejarse de una política centrada en el uso de la guerra y la integración de estrategias político‑diplomáticas, examinando además el caso específico de Guantánamo como parte de esa política. | ||
| 942 |
_2lcc _n0 _cBK |
||
| 946 | _illh | ||
| 999 |
_c126477 _d126477 |
||